| 000 | 00993nam a22002777a 4500 | ||
|---|---|---|---|
| 003 | PE SENCICO BE | ||
| 005 | 20251020182711.0 | ||
| 008 | 250206b |||||||| |||| 00| 0 eng d | ||
| 020 | _a978-607-17-4547-7 | ||
| 040 |
_aPE SENCICO BE _cPE SENCICO BE |
||
| 041 | _aspa | ||
| 082 |
_a711.4 _bM26 |
||
| 100 | 1 |
_92912 _aMartínez, Teodoro Oseas _eautor |
|
| 245 | 1 |
_aManual de investigación urbana / _cTeodoro Oseas Martínez Paredes, Elia Mercado M. |
|
| 250 | _a3a ed. | ||
| 260 |
_aMéxico, D. F. : _bTrillas ; _c2023 _creimp. 2024 |
||
| 300 |
_a126 páginas : _bilustraciones ; _c21 x 27 cm. |
||
| 505 | 0 | _aEsquema metodológico -- Zona de estudio -- Aspectos socioeconómicos -- Aspectos físico-naturales -- Estructura urbana -- Propuestas | |
| 650 | 1 | 0 |
_978 _aUrbanismo |
| 650 | 2 | 0 |
_9528 _aPlanificación urbana |
| 650 | 2 | 0 |
_9762 _aDiseño urbano |
| 650 | 2 | 0 |
_9636 _aProyectos urbanos |
| 700 | 1 |
_92913 _aMercado M., Elia _eautor |
|
| 910 |
_ahfp _bhfp _chfp |
||
| 942 |
_2ddc _cLIB |
||
| 999 |
_c5088 _d5088 |
||